000 00271nam a22001217a 4500
008 170918b xxu||||| |||| 00| 0 eng d
041 _aeng
080 _a77
100 _a44
101 _aART
245 _aTHE PICTURE HSTORY OF PHOTOGRAPHY
_cPOLLACK,P
942 _2udc
_cBK
999 _c28054
_d28054